LEADER 02945nam 2200613 a 450 001 9910454770603321 005 20170816112914.0 010 $a9786612262746 010 $a1-4129-4756-1 010 $a1-282-26274-2 010 $a1-84920-642-2 035 $a(CKB)1000000000790334 035 $a(EBL)456739 035 $a(OCoLC)463604221 035 $a(SSID)ssj0000289507 035 $a(PQKBManifestationID)12067864 035 $a(PQKBTitleCode)TC0000289507 035 $a(PQKBWorkID)10385526 035 $a(PQKB)10281190 035 $a(MiAaPQ)EBC456739 035 $a(StDuBDS)EDZ0000077537 035 $a(EXLCZ)991000000000790334 100 $a20120418d2008 fy 0 101 0 $aeng 135 $aur|n|---||||| 181 $ctxt 182 $cc 183 $acr 200 14$aThe autism inclusion toolkit$b[electronic resource] $etraining materials and facilitator notes /$fMaggie Bowen and Lynn Plimley 210 $aLos Angeles, [Calif.] ;$aLondon $cSAGE$dc2008 215 $a1 online resource (129 p.) 300 $aDescription based upon print version of record. 311 $a1-4462-1637-3 311 $a1-4129-4757-X 320 $aIncludes bibliographical references (p. 101-104) and index. 327 $aContents; CD Contents; Key of Icons; Acknowledgements; About the Authors; Glossary; How to Use This Book; Preface; 1Planning INSET and Using the Training Materials in your Setting; 2 Living with Autistic Spectrum Disorders (ASDs): Same World; Different Perspectives; 3 The Impact of the Triad of Impairments on Everyday Life; 4 Sensory Issues; 5 The Educational Implications of Autistic Spectrum Disorders (ASDs); 6 Creating an ASD-Friendly Environment; 7 Behaviour Management; 8 Pupil Participation and Peer Group Awareness; 9 Working with Parents and Other Professionals 327 $a10 Planning for Transition11 Intervention Programmes - TEACCH, PECS and Social Stories; 12 Carrying Out a School Audit and Planning for Access and Inclusion; Useful Organizations; References; Index 330 8 $aA growing number of pupils with Autistic Spectrum Disorders are educated in mainstream settings. To support them effectively & maximise their learning potential, it is essential that all staff fully understand their needs. This training package can be used during staff meetings to ensure autism-friendly practice throughout the school. 606 $aAutistic children$xEducation 606 $aMainstreaming in education 606 $aInclusive education 608 $aElectronic books. 615 0$aAutistic children$xEducation. 615 0$aMainstreaming in education. 615 0$aInclusive education. 676 $a371.94 700 $aBowen$b Maggie$01041991 701 $aPlimley$b Lynn$01041992 801 0$bStDuBDS 801 1$bStDuBDS 906 $aBOOK 912 $a9910454770603321 996 $aThe autism inclusion toolkit$92465887 997 $aUNINA LEADER 02260nas 2200613-a 450 001 996218031403316 005 20230203213020.0 011 $a1996-9465 035 $a(OCoLC)270797230 035 $a(CKB)1000000000375842 035 $a(CONSER)--2008254657 035 $a(MiAaPQ)105731 035 $a(DE-599)ZDB2435281-0 035 $a(EXLCZ)991000000000375842 100 $a20081110a20089999 --- a 101 0 $aeng 135 $aur||||||||||| 181 $ctxt$2rdacontent 182 $cc$2rdamedia 183 $acr$2rdacarrier 200 10$aDrinking water engineering and science 210 $a[Katlenburg-Lindau, Germany] $cCopernicus$d2008- 300 $aRefereed/Peer-reviewed 311 $a1996-9457 330 $a"Drinking Water Engineering and Science aims to be the leading scientific open access journal for the publication of original research in drinking water treatment. The focus is on fundamental and applied research in water sources, substances, drinking water treatment processes, distribution systems and residual management." 517 1 $aDWES 531 $aDWES 531 $aDRINK. WATER ENG. SCI. 606 $aDrinking water$xPurification$vPeriodicals 606 $aDrinking water$vPeriodicals 606 $aWater-supply engineering$vPeriodicals 606 $aWater$xPurification$vPeriodicals 606 $aWater Treatment$2ebps 606 $aWater Quality$2ebps 606 $aDrinking water$2fast$3(OCoLC)fst00898247 606 $aDrinking water$xPurification$2fast$3(OCoLC)fst00898284 606 $aWater$xPurification$2fast$3(OCoLC)fst01171363 606 $aWater-supply engineering$2fast$3(OCoLC)fst01172443 608 $aPeriodicals.$2fast 615 0$aDrinking water$xPurification 615 0$aDrinking water 615 0$aWater-supply engineering 615 0$aWater$xPurification 615 7$aWater Treatment. 615 7$aWater Quality. 615 7$aDrinking water. 615 7$aDrinking water$xPurification. 615 7$aWater$xPurification. 615 7$aWater-supply engineering. 712 02$aEuropean Geosciences Union. 906 $aJOURNAL 912 $a996218031403316 996 $aDrinking water engineering and science$91921436 997 $aUNISA